Principles of drug action; (Record no. 114212)

MARC details
000 -LEADER
fixed length control field 00928pam a2200301 4500
008 - FIXED-LENGTH DATA ELEMENTS--GENERAL INFORMATION
fixed length control field
020 ## - INTERNATIONAL STANDARD BOOK NUMBER
International Standard Book Number 0471312614 (pbk.)
090 ## - LOCALLY ASSIGNED LC-TYPE CALL NUMBER (OCLC); LOCAL CALL NUMBER (RLIN)
Classification number (OCLC) (R) ; Classification number, CALL (RLIN) (NR) RM300
Local cutter number (OCLC) ; Book number/undivided call number, CALL (RLIN) GOL
003 - CONTROL NUMBER IDENTIFIER
control field
005 - DATE AND TIME OF LATEST TRANSACTION
control field 20230120203934.0
040 ## - CATALOGING SOURCE
Transcribing agency NUST
049 ## - LOCAL HOLDINGS (OCLC)
Holding library MAIN
100 1# - MAIN ENTRY--PERSONAL NAME
Personal name Goldstein, Avram.
245 10 - TITLE STATEMENT
Title Principles of drug action;
Remainder of title the basis of pharmacology
Statement of responsibility, etc. [by] Avram Goldstein, Lewis Aronow [and] Sumner M. Kalman.
246 ## - VARYING FORM OF TITLE
Title proper/short title The basis of pharmacology
250 ## - EDITION STATEMENT
Edition statement 2nd ed.
260 ## - PUBLICATION, DISTRIBUTION, ETC.
Place of publication, distribution, etc. New York,
Name of publisher, distributor, etc. Wiley
Date of publication, distribution, etc. 1974.
300 ## - PHYSICAL DESCRIPTION
Extent xv, 854 p.
Other physical details ill.
Dimensions 26 cm.
490 0# - SERIES STATEMENT
Series statement A Wiley biomedical-health publication.
500 ## - GENERAL NOTE
General note Includes index
504 ## - BIBLIOGRAPHY, ETC. NOTE
Bibliography, etc. note Includes bibliographical references.
650 #0 - SUBJECT ADDED ENTRY--TOPICAL TERM
Topical term or geographic name entry element Drugs
General subdivision Physiological effect.
650 ## - SUBJECT ADDED ENTRY--TOPICAL TERM
Topical term or geographic name entry element Pharmacology
700 1# - ADDED ENTRY--PERSONAL NAME
Personal name Aronow, Lewis.
700 1# - ADDED ENTRY--PERSONAL NAME
Personal name Kalman, Sumner M.
907 ## - LOCAL DATA ELEMENT G, LDG (RLIN)
a .b10219547
b 18-07-12
c 13-11-06
942 ## - ADDED ENTRY ELEMENTS (KOHA)
Koha item type Ordinary Loan Books
Call number prefix RM300
Call number suffix GOL
Holdings
Date last seen Total Checkouts Full call number Barcode Cost, replacement price Price effective from Koha item type Lost status Source of classification or shelving scheme Damaged status Not for loan Collection Withdrawn status Home library Current library Shelving location Date acquired Cost, normal purchase price
01/20/2023 4 RM300 GOL 92004004176 80.00 01/20/2023 BOOKS   LCC     NFIC   Medical Medical GEN 01/20/2023 80.00